000 00830nam a2200229 u 4500
005 20220919084950.0
008 191206s1994 sp r 000 0 spa d
020 _a8482130048
035 _aUPN01000234712
040 _aMX-MxUPN
_bspa
_cMX-MxUPN
050 4 _aLB2369
_bA43 1994
100 1 _aAlcina Franch, José,
_d1922-2001
_946486
245 1 0 _aAprender a investigar :
_bmétodos de trabajo para la redacción de tesis doctorales : humanidades y ciencias sociales
260 _aMadrid :
_bCompañía Literaria,
_c1994.
300 _a237 páginas
650 2 _914125
_aTesis y disertaciones académicas
_xMetodología
650 0 _945992
_aTesis y disertaciones académicas
_xInvestigación
650 0 _945993
_aRedacción de informes
_xMetodología
905 _aLibro
942 _n0
_2lcc
_cLIBRO
999 _c206807
_d206807